000 00868nam a22002537a 4500
003 OSt
005 20260113115029.0
008 260113b |||||||| |||| 00| 0 eng d
020 _a9780357448823
040 _aKCST
_cKCST
082 _a428.24 Re
110 _aCengage Learning, Inc.
_bNational Geographic Learning
245 _aReflect 4 Reading and Writing :
_bteacher's guide /
250 _a1
260 _a[S.l.]:
_bCengage Learning;
_c2022
300 _a81 p.
650 _aEnglish language
_vTeacher's manual
650 _aEnglish language
_vSpoken English
_xTextbooks for foreign speakers
650 _aEnglish language
_vStudy and teaching
_2 Foreign speakers
650 _aRhetoric
_vProblems, exercises, etc.
650 _aReport writing
_vProblems, exercises, etc
650 _aCritical thinking
_vProblems, exercises, etc
942 _2ddc
_cTMAN
_n0
999 _c1161
_d1161